[Event "Hessenliga 1819"]
[Site "Hessen"]
[Date "2019.02.17"]
[Round "6.4"]
[White "Schnegelberger, Leon"]
[Black "Knickel, Aaron"]
[Result "0-1"]
[WhiteElo "1898"]
[BlackElo "2145"]
[PlyCount "88"]
[EventDate "2018.09.23"]
[EventType "team-tourn"]
[EventRounds "9"]
[EventCountry "GER"]
[SourceTitle "EXT 2020"]
[Source "ChessBase"]
[SourceDate "2019.10.17"]
[SourceVersion "1"]
[SourceVersionDate "2019.10.17"]
[SourceQuality "1"]
[WhiteTeam "Kassel"]
[BlackTeam "Neuberg II"]
[WhiteTeamCountry "GER"]
[BlackTeamCountry "GER"]

1. d4 g6 2. e4 d6 3. f4 Bg7 4. Nf3 Nd7 5. c4 e5 6. fxe5 dxe5 7. dxe5 Qe7 8. Qa4 c6 9. Bg5 f6 10. Be3 fxe5 11. Nc3 Bh6 12. Bf2 a5 13. Be2 Ngf6 14. h3 Nh5 15. 0-0 0-0 16. a3 Nf4 17. b4 Nf6 18. Rfe1 Bxh3 19. gxh3 Nxh3+ 20. Kg2 Nxf2 21. Kxf2 Nxe4+ 22. Nxe4 Qh4+ 23. Kg2 Qxe4 24. Qb3 Rf5 25. c5+ Kh8 26. Qc4 Rg5+ 27. Kf2 Qf5 28. Bd3 Rg4 29. Bxf5 Rxc4 30. Be6 Rc2+ 31. Kg1 Re8 32. Nxe5 Kg7 33. Bd7 Re7 34. Bc8 Rc7 35. Bg4 Rc3 36. Kg2 Bf4 37. Nf3 h5 38. Be6 g5 39. Nd4 Kf6 40. Bf5 Be5 41. Ne6 Rd7 42. Rf1 Rd2+ 43. Kg1 Rg3+ 44. Kh1 Bxa1 0-1

[Event "Hessenliga 1819"]
[Site "Hessen"]
[Date "2019.02.03"]
[Round "5.5"]
[White "Schnegelberger, Leon"]
[Black "Rothenbacher, Jochen"]
[Result "1-0"]
[WhiteElo "1898"]
[BlackElo "2138"]
[PlyCount "77"]
[EventDate "2018.09.23"]
[EventType "team-tourn"]
[EventRounds "9"]
[EventCountry "GER"]
[SourceTitle "EXT 2020"]
[Source "ChessBase"]
[SourceDate "2019.10.17"]
[SourceVersion "1"]
[SourceVersionDate "2019.10.17"]
[SourceQuality "1"]
[WhiteTeam "Kassel"]
[BlackTeam "Bad Nauheim"]
[WhiteTeamCountry "GER"]
[BlackTeamCountry "GER"]

1. d4 d6 2. e4 Nf6 3. Bd3 e5 4. d5 c6 5. c4 Be7 6. Ne2 a5 7. Nbc3 Na6 8. h3 Nc5 9. 0-0 0-0 10. Be3 Nfd7 11. Bc2 Qc7 12. f4 exf4 13. Nxf4 Ne5 14. b3 Re8 15. Qe1 Ncd7 16. g4 Nf8 17. Qg3 Qd8 18. Rad1 c5 19. Rd2 Bh4 20. Qg2 Bd7 21. a4 Bg5 22. Nce2 Nfg6 23. Ng3 Nxf4 24. Bxf4 Bxf4 25. Rxf4 g6 26. Rdf2 Qg5 27. Rf6 Bxg4 28. hxg4 Nxg4 29. Rxd6 Nxf2 30. Qxf2 f5 31. exf5 Re3 32. Kg2 Rf8 33. Re6 Rc3 34. d6 gxf5 35. d7 f4 36. Re8 Rxg3+ 37. Kf1 Rh3 38. Qg2 Rg3 39. Qd5+ 1-0

[Event "Oberliga Ost-B 1718"]
[Site "Germany"]
[Date "2018.02.03"]
[Round "6.8"]
[White "Wolf, Philipp"]
[Black "Schnegelberger, Leon"]
[Result "1-0"]
[WhiteElo "1832"]
[BlackElo "1894"]
[PlyCount "73"]
[EventDate "2017.10.22"]
[EventType "team-tourn"]
[EventRounds "11"]
[EventCountry "GER"]
[SourceTitle "EXT 2019"]
[Source "ChessBase"]
[SourceDate "2018.10.10"]
[SourceVersion "1"]
[SourceVersionDate "2018.10.10"]
[SourceQuality "1"]
[WhiteTeam "Stadtilm Blau Weiss"]
[BlackTeam "Kassel"]
[WhiteTeamCountry "GER"]
[BlackTeamCountry "GER"]

1. e4 c6 2. d4 d5 3. e5 Bf5 4. Nf3 e6 5. Be2 Nd7 6. 0-0 Ne7 7. a4 c5 8. c4 cxd4 9. cxd5 Nxd5 10. Bg5 Qb6 11. Bb5 h6 12. Bd2 a6 13. Bxd7+ Kxd7 14. Na3 Rc8 15. Ra2 Be7 16. a5 Qc7 17. Qa4+ Kd8 18. Qxd4 g5 19. b4 f6 20. g4 Bg6 21. Rc1 Qd7 22. Rxc8+ Kxc8 23. Nc4 Qb5 24. exf6 Nxf6 25. Nfe5 Rd8 26. Nb6+ Kb8 27. Qc3 Ne4 28. Ned7+ Ka7 29. Qd4 Nc5 30. bxc5 Qb1+ 31. Kg2 Be4+ 32. f3 Qxa2 33. c6 Bc5 34. Nc8+ Rxc8 35. Qxc5+ Ka8 36. Nb6+ Kb8 37. c7+ 1-0

[Event "Hessenliga 1718"]
[Site "Hessen"]
[Date "2017.11.19"]
[Round "3.5"]
[White "Nimsch, Helmut"]
[Black "Schnegelberger, Leon"]
[Result "1/2-1/2"]
[WhiteElo "2071"]
[BlackElo "1894"]
[PlyCount "108"]
[EventDate "2017.09.17"]
[EventType "team-tourn"]
[EventRounds "9"]
[EventCountry "GER"]
[SourceTitle "CBM 189 Extra"]
[Source "ChessBase"]
[SourceDate "2019.06.03"]
[SourceVersion "1"]
[SourceVersionDate "2019.06.03"]
[SourceQuality "1"]
[WhiteTeam "Frankfurt BvK"]
[BlackTeam "Kassel II"]
[WhiteTeamCountry "GER"]
[BlackTeamCountry "GER"]

1. d4 Nf6 2. Nf3 b5 3. Bf4 Bb7 4. e3 b4 5. c4 e6 6. h3 c5 7. Nbd2 d5 8. cxd5 Qxd5 9. Bb5+ Nc6 10. Qe2 cxd4 11. e4 Qd8 12. Rc1 Rc8 13. Ne5 Qb6 14. Qc4 Bd6 15. Nxc6 Bxf4 16. Ne5+ Ke7 17. Qxb4+ Qd6 18. Qxd6+ Kxd6 19. Ndc4+ Kc5 20. b4+ Kxb5 21. Nd6+ Ka4 22. Rxc8 Bxc8 23. Nexf7 Rf8 24. e5 Ba6 25. g3 Bc1 26. exf6 gxf6 27. b5 Bxb5 28. Nxb5 Kxb5 29. Nd6+ Kb4 30. Ke2 Ba3 31. Kd3 Kc5 32. Nc4 Bb4 33. Rc1 Bc3 34. Rb1 e5 35. f3 Rg8 36. g4 h5 37. Rb7 hxg4 38. hxg4 a5 39. a4 Kc6 40. Rb6+ Kd5 41. Rxf6 Rb8 42. Rf5 Rb3 43. Rxe5+ Kc6 44. Kc2 Rb4 45. Kd3 Rxa4 46. f4 Ra1 47. g5 a4 48. g6 a3 49. g7 Rd1+ 50. Kc2 Rg1 51. Rg5 Rxg5 52. fxg5 a2 53. g8Q a1Q 54. Qe6+ Kc5 1/2-1/2

[Event "Bad Zwesten op 17th"]
[Site "Bad Zwesten"]
[Date "2017.01.03"]
[Round "3"]
[White "Humburg, Philipp"]
[Black "Schnegelberger, Leon"]
[Result "1-0"]
[WhiteElo "2257"]
[BlackElo "1884"]
[PlyCount "60"]
[EventDate "2017.01.02"]
[EventType "swiss"]
[EventRounds "7"]
[EventCountry "GER"]
[SourceTitle "CBM 176 Extra"]
[Source "ChessBase"]
[SourceDate "2017.03.02"]
[SourceVersion "1"]
[SourceVersionDate "2017.03.02"]
[SourceQuality "1"]

1. c4 c5 2. Nf3 Nc6 3. d4 cxd4 4. Nxd4 Nf6 5. Nc3 g6 6. e4 d6 7. Be2 Bg7 8. Nc2 0-0 9. 0-0 Bd7 10. Bg5 Rc8 11. Qd2 Re8 12. Kh1 Ne5 13. Ne3 Be6 14. b3 h6 15. Bh4 Neg4 16. Rac1 Nxe3 17. Qxe3 Qa5 18. f4 a6 19. f5 Bd7 20. fxg6 fxg6 21. Nd5 Nxd5 22. exd5 e5 23. dxe6 Bxe6 24. Qf3 Qxa2 25. Bd3 Qxb3 26. Rb1 Qc3 27. Rfc1 Qd4 28. Bf2 Qf6 29. Rxb7 Qxf3 30. gxf3 Bf5 1-0

[Event "Oberliga Ost-B 1617"]
[Site "Germany"]
[Date "2016.11.20"]
[Round "3.8"]
[White "Schnegelberger, Leon"]
[Black "Schmidt, Max"]
[Result "1-0"]
[WhiteElo "1860"]
[BlackElo "1879"]
[PlyCount "77"]
[EventDate "2016.10.16"]
[EventType "team-tourn"]
[EventRounds "11"]
[EventCountry "GER"]
[SourceTitle "EXT 2018"]
[Source "ChessBase"]
[SourceDate "2017.10.13"]
[SourceVersion "1"]
[SourceVersionDate "2017.10.13"]
[SourceQuality "1"]
[WhiteTeam "Kassel"]
[BlackTeam "Frankfurt TV"]
[WhiteTeamCountry "GER"]
[BlackTeamCountry "GER"]

1. d4 Nf6 2. c4 e6 3. Nc3 Bb4 4. e3 b6 5. Bd3 Bb7 6. f3 c5 7. Nge2 cxd4 8. Nxd4 Nc6 9. Nxc6 dxc6 10. Qc2 Qc7 11. Bd2 Nd7 12. a3 Be7 13. Ne4 Nc5 14. Nxc5 Bxc5 15. b4 Qe5 16. Kf2 Be7 17. Bc3 Qg5 18. Be4 f5 19. Bd3 0-0 20. Rhe1 c5 21. e4 Qh5 22. Kg1 Bd6 23. e5 Be7 24. Qf2 Rad8 25. Rad1 a6 26. Be2 g5 27. bxc5 Bxc5 28. Bd4 Rxd4 29. Rxd4 Bxa3 30. f4 g4 31. Red1 Bc5 32. Kh1 Qf7 33. Qh4 Bxd4 34. Rxd4 Bc6 35. Rd6 Qb7 36. Qg5+ Kh8 37. Bf1 Bd7 38. Qe7 Qc8 39. Rxd7 1-0

[Event "Korbach op 8th"]
[Site "Korbach"]
[Date "2016.10.21"]
[Round "2"]
[White "Schnegelberger, Leon"]
[Black "Pabst, Olaf"]
[Result "1-0"]
[WhiteElo "1860"]
[BlackElo "1604"]
[PlyCount "95"]
[EventDate "2016.10.20"]
[EventType "swiss"]
[EventRounds "7"]
[EventCountry "GER"]
[SourceTitle "CBM 175 Extra"]
[Source "ChessBase"]
[SourceDate "2016.12.12"]
[SourceVersion "1"]
[SourceVersionDate "2016.12.12"]
[SourceQuality "1"]

1. d4 f5 2. c4 Nf6 3. Nc3 g6 4. g3 Bg7 5. Bg2 d6 6. Nf3 0-0 7. 0-0 c6 8. b3 Qe8 9. Ba3 Ne4 10. Qd3 Nxc3 11. Qxc3 Na6 12. Qd2 c5 13. e3 cxd4 14. exd4 Nc7 15. Rfe1 Qd7 16. Re2 Re8 17. Rae1 e6 18. Qf4 Bf8 19. Bb2 Bg7 20. Qe3 a5 21. a3 Ra6 22. Nd2 e5 23. dxe5 dxe5 24. Qc5 e4 25. Bxg7 Kxg7 26. f3 Ne6 27. Qe5+ Kg8 28. Qc3 Qd4+ 29. Re3 Qxc3 30. Rxc3 Nc5 31. fxe4 fxe4 32. Nxe4 Nxe4 33. Bxe4 Kg7 34. Rce3 Rae6 35. Kf2 Rf6+ 36. Bf3 Ref8 37. Kg2 b6 38. Re7+ Kh6 39. R1e3 Bh3+ 40. Kxh3 Rxf3 41. Kg4 Rf2 42. h4 R2f6 43. Rb7 R8f7 44. Ree7 Kg7 45. Rxf7+ Rxf7 46. Rxb6 h5+ 47. Kh3 Rf5 48. Rb5 1-0

[Event "Vellmar op 8th"]
[Site "Vellmar"]
[Date "2016.07.30"]
[Round "4"]
[White "Fischer, Andreas"]
[Black "Schnegelberger, Leon"]
[Result "0-1"]
[WhiteElo "1859"]
[BlackElo "1924"]
[PlyCount "62"]
[EventDate "2016.07.28"]
[EventType "swiss"]
[EventRounds "7"]
[EventCountry "GER"]
[SourceTitle "CBM 173 Extra"]
[Source "ChessBase"]
[SourceDate "2016.08.29"]
[SourceVersion "1"]
[SourceVersionDate "2016.08.29"]
[SourceQuality "1"]

1. e4 c6 2. d4 d5 3. exd5 cxd5 4. Bd3 Nc6 5. c3 Nf6 6. Nf3 Bg4 7. Qb3 Qc7 8. Nbd2 e6 9. 0-0 Bd6 10. Qc2 0-0 11. Re1 Rac8 12. Qb1 Rfe8 13. h3 Bh5 14. g4 Bg6 15. Bxg6 hxg6 16. g5 Nh5 17. Nf1 e5 18. dxe5 Bxe5 19. Be3 Qd7 20. Kg2 Bf4 21. Qc1 Bxe3 22. fxe3 Ne7 23. Ng3 Nxg3 24. Kxg3 Nf5+ 25. Kf2 Qd6 26. Rg1 Rxe3 27. Rg4 Rce8 28. Qd2 Qb6 29. Nd4 Nxd4 30. cxd4 Re2+ 31. Qxe2 Rxe2+ 0-1